000 00320pab a2200145 454500
008 180718b1999 xxu||||| |||| 00| 0 eng d
100 _aSaksena, J.N.
245 _aPolice reforms
260 _c1999
300 _ap.67-70
362 _aJan-Mar
650 _aPolice
773 _aIndian Police Journal
909 _a43046
999 _c43046
_d43046